Statistics for Rulers of Alexandria

Click here to take the quiz!

General Stats

  • This quiz has been taken 7 times
  • The average score is 8 of 12

Answer Stats

YearAnswer% Correct
1952 - PresentEgypt
100%
323 BCE - 170 BCEPtolemaic Egypt
100%
1801- 1805British Empire
83%
1798 - 1801French Empire
83%
1519 - 1798Ottoman Empire
83%
170 BCE - 168 BCERoman Republic
83%
48 BCE - 390Roman Republic / Empire
83%
390 - 619Byzantine Empire
67%
331 BCE - 323 BCEMacedonian Empire
67%
619 - 629Sassanid Persians
50%
642 - 645Arabs
17%
1805 - 1882Muhammad Ali Dynasty
17%

Score Distribution

Percentile by Number Answered

Percent of People with Each Score

Your Score History

You have not taken this quiz